| 000 | 01864cam a22004574i 4500 | ||
|---|---|---|---|
| 003 | PE-LiUPU | ||
| 005 | 20250731173130.0 | ||
| 008 | 150623s r 000 0 d | ||
| 020 | _a080281753X | ||
| 035 | _a(Sirsi) i9780802817532 | ||
| 040 |
_aPE-LiUPU _bspa _cPE-LiUPU _erda |
||
| 049 | _aPRUA | ||
| 082 | 0 | 4 |
_a227.207 _bS61 _221 |
| 100 | 1 |
_aSmedes, Lewis B., _eautor. |
|
| 245 | 1 | 0 |
_aLove within limits : _brealizing selfless love in a selfish world / _cLewis B. Smedes. |
| 264 | 1 |
_aGrand Rapids, Michigan : _bWilliam B. Eerdmans Publishing Company, _c1983. |
|
| 300 |
_a150 páginas ; _c17 centímetros |
||
| 336 |
_atext _2rdacontent |
||
| 337 |
_aunmediated _2rdamedia |
||
| 338 |
_avolume _2rdacarrier |
||
| 505 | 0 | _a1 Corinthians 13. A love song is.. Love suffers long. Love is kind. Love is not Jealous. Love has poise. Love does not seek its own rights. Love does not seek its own self. Love is not irritable. Love is not resentful. Love hates evil. Love bears all things. Love believes all things. Love hopes all things. Love endures all things. Love lasts. Program notes. | |
| 526 | _aSEG42 | ||
| 526 | _aSEG41 | ||
| 526 | _aSEG40 | ||
| 526 | _aSEG39 | ||
| 526 | _aP94 | ||
| 526 | _aP87 | ||
| 526 | _aP86 | ||
| 526 | _aP85 | ||
| 526 | _aP77 | ||
| 526 | _aP76 | ||
| 526 | _aP35 | ||
| 630 |
_aBiblia. _pN.T. _pCorintios I _xComentarios. |
||
| 650 | 0 | 4 |
_aAmor _xEnseñanza bíblica. |
| 942 |
_2ddc _cBOOK |
||
| 949 |
_a227.207 S61 _wDEWEY _c1 _i51554 _lCCODEBUL1 _mBUL _p5.00 _r0 _sY _tBOOK _u2015-6-24 _xTEOLOGIA _PP35 _0COMPRA _o.STAFF. Colección General |
||
| 994 |
_aC0 _bPEPRU |
||
| 596 | _a1 | ||
| 999 |
_a227.207 S61 _wDEWEY _c33280 _i51554 _f2021-11-9 _g5 _lCCODEBUL1 _mBUL _p5.00 _r0 _sY _tBOOK _u2015-6-24 _xTEOLOGIA _PP35 _0COMPRA _o.STAFF. Colección General _d33280 |
||
| 980 |
_81 _gALBERTO SANCHEZ Responsable de Automatización |
||